000 01547cam a2200373 i 4500
001 55792
003 Mx-PuUPA
005 20260217085217.0
008 140415s2024 ne ad fr 000 0 eng d
020 _a9789004697034
024 7 _2doi
_a10.1163/9789004697041
040 _cMx-PuUPA
_aMx-PuUPA
_bspa
_dMx-PuUPA
_erda
041 0 _aeng
100 1 _aStanghellini, Cecilia,
_d1953-
_eautor
_917567
245 1 0 _aGreenhouse horticulture :
_btechnology for optimal crop production /
_cCecilia Stanghellini, Bert van 't Ooster, Ep Heuvelink
250 _a2nd edition
264 1 _aThe Netherlands :
_bBrill | Wageningen Academic,
_c2024
300 _a315 páginas :
_bilustraciones, gráficas, diagramas, tablas ;
_c25 cm
336 _2rdacontent
_atexto
_btxt
336 _2rdacontent
_aimagen fija
_bsti
337 _2rdamedia
_asin medio
_bn
338 _2rdacarrier
_avolumen
_bnc
650 7 _2armarc
_aInvernaderos
_xAdministración
650 7 _2armarc
_aCultivo en invernadero
650 7 _2armarc
_aJardinería
700 1 _aOoster, Ben van 't
_eautor
700 1 _aHeuvelink, Ep,
_eautor
942 _2ddc
_cLI
_h635.9823
_iS77
999 _c55792
_d55792